000 00595cam a2200193 4500
008 090401t1991 xxu||||| |||| 00| 0 eng d
020 _a0580198146
035 _a(Sirsi) u9971
041 _aeng
110 _aBritish Standards Institution
_9130
245 _aFire precautions in the design, construction and use of buildings. Part 10: Code of practice for shopping complexes.
260 _aLondon
_bBritish Standards Institution
_c1991
300 _a92p. ; 30cm.
350 _a0
490 _aBS
_v5588: Part 10: 1991
690 _aBUILT ENVIRONMENT
942 _n0
948 _c04/03/1997
999 _c86687
_d86687